Countries States Capitals Elements Words - ending with Y - Statistics

General Stats
  • This quiz has been taken 855 times
  • The average score is 22 of 34
Answer Stats
ANSWER % Correct
Uruguay
86%
Italy
85%
Paraguay
85%
Germany
80%
Vatican City
75%
Vatican City
75%
Hungary
74%
Mexico City
74%
Albany
72%
By
72%
Guatemala City
71%
Niamey
71%
Norway
71%
Panama City
71%
Kuwait City
70%
Antimony
68%
Turkey
65%
Any
63%
Say
63%
Carson City
62%
My
60%
Oklahoma City
60%
New Jersey
58%
Day
57%
Jefferson City
56%
Kentucky
55%
Way
55%
Conakry
53%
They
51%
Montgomery
46%
Only
46%
Salt Lake City
43%
Mercury
41%
Port Moresby
39%
No matching quizzes found
Score Distribution
Percent of People with Each Score
Percentile by Number Answered
Your Score History
You have not taken this quiz